000 00289nam a22001337a 4500
008 170608b xxu||||| |||| 00| 0 eng d
020 _a2900078127518
041 _aeng
080 _214TH
_a327
100 _a18
101 _aSHP
245 _aTAKING SIDES
_cROURKE, J.T
942 _2udc
_cBK
999 _c16446
_d16446